000 00571nam a2200217Ia 4500
003 OSt
005 20220925204500.0
006 a|||||r|||| 00| 0
007 ta
008 220923b |||||||| |||| 00| 0 eng d
037 _cGeneral Book
040 _aRTL
_cRTL
_beng
041 _2eng
_aeng
082 _aY:1-36, L4
100 _aHarris Marvin
_9131441
245 0 _aCows, pigs, wars and witches.
260 _aGlassgow
_bW Collins
_c1974
300 _a192p
_ccm.
942 _hY:1-36, L4
_cGB
_2CC
999 _c549553
_d549553